| 000 | 00737nam a2200241Ia 4500 | ||
|---|---|---|---|
| 001 | 20571 | ||
| 003 | DO-CoUTE | ||
| 005 | 20260204212604.0 | ||
| 008 | 220104s9999 dr 000 0 spa d | ||
| 020 | _a978-958-725-025-1 | ||
| 040 |
_aDO-CoUTE _bspa _cDO-CoUTE |
||
| 041 | 0 | _aspa | |
| 082 | _a635.642 H895m | ||
| 100 | 1 | _aHugo Escobar, Rebecca Lee | |
| 245 | 1 | 0 | _aManual de producción de tomate bajo invernadero / Rebecca Lee Hugo Escobar |
| 260 | _aBogotá, Colombia : Centro de investigaciones y asesorias agroindustriales | ||
| 300 | _a164 páginas | ||
| 650 | 4 | _aCultivos de invernadero | |
| 650 | 4 | _aTomates - Cultivo | |
| 942 |
_2ddc _cBK |
||
| 999 |
_c20899 _d20899 |
||